La filosofía política clásica: de la antigüedad al renacimiento
Saved in:
| 主要作者: | |
|---|---|
| 格式: | 圖書 |
| 語言: | 西班牙语 |
| 出版: |
Buenos Aires
CLACSO
1999
|
| 叢編: | Colección CLACSO-EUDEBA
|
| 主題: | |
| 標簽: |
添加標簽
沒有標簽, 成為第一個標記此記錄!
|
MARC
| LEADER | 00000nam a2200000 a 4500 | ||
|---|---|---|---|
| 001 | UCN7573 | ||
| 003 | CL-VaPUC | ||
| 008 | 011018e19990000AG |||||||||||||||||spa|d | ||
| 082 | 0 | 4 | |a 320.01 |b BOR |2 21 |
| 100 | 0 | |a Boron, Atilio A |e author |9 463501 | |
| 245 | 1 | 3 | |a La filosofía política clásica: de la antigüedad al renacimiento |
| 300 | |a 285 p | ||
| 942 | |c BK | ||
| 945 | |d 20011018 00:00:00 |a crobeson | ||
| 260 | |a Buenos Aires |b CLACSO |c 1999 | ||
| 600 | 0 | 7 | |a PLATON |2 CL-VaPUC |9 222 |
| 600 | 0 | |a Aristóteles, |d 384 a.C.- 322 a.C. |9 194 | |
| 600 | 0 | |a San Agustín de Hipona |x Teólogo y filósofo cristiano |9 311590 | |
| 600 | 0 | |a Tomás de Aquino |d 1220-1274 |c Santo |9 255832 | |
| 600 | 0 | |a Lutero, Martín |d 1483-1546 |9 859309 | |
| 650 | 7 | |a FILOSOFIA POLITICA |2 CL-VaPUC |9 463502 | |
| 650 | 0 | |a Filosofía antigua |9 255705 | |
| 650 | 0 | |a Filosofía medieval |9 256245 | |
| 650 | 0 | |a Filosofía renacentista |9 268121 | |
| 583 | |a last modification |c 20011018 00:00:00 |k Rodrigo Vera | ||
| 490 | 0 | |a Colección CLACSO-EUDEBA | |
| 999 | |c 297816 |d 297814 | ||
| 952 | |0 0 |1 0 |4 0 |6 320_010000000000000_BOR_1999 |7 0 |8 A |9 352825 |a BIBEDU |b BIBEDU |d 2019-11-21 |i 3763773 |l 1 |o 320.01 BOR 1999 |p 3763773 |r 2023-04-18 |s 2023-04-10 |w 2019-11-21 |y BK |k FIL | ||